| 000 | 00918nam a2200349 a 4500 | ||
|---|---|---|---|
| 003 | AR-BaBNM | ||
| 005 | 20251128205412.0 | ||
| 008 | 082120s2002 ||||||||||||||000 | spa|| | ||
| 020 | _a84-276-0638-9 | ||
| 040 | _cAR-BaBNM | ||
| 100 | 0 | _aHomero | |
| 245 | 0 | 0 | _aOdisea |
| 250 | _a2ª ed. | ||
| 260 |
_aMadrid _bEditora Nacional _c1983 |
||
| 300 | _a436 p. | ||
| 490 | 0 |
_aBiblioteca de la literatura y el pensamiento universales _vv. 11 |
|
| 500 | _aContiene índice nombres en 427 | ||
| 500 | _aIndice de la obra en p. 435 | ||
| 650 | 4 | _aLITERATURA GRIEGA | |
| 650 | 4 | _aARTE ANTIGUO | |
| 650 | 4 | _aMITOLOGIA | |
| 650 | 4 | _aRELIGION | |
| 650 | 4 | _aTRADICION ORAL | |
| 650 | 4 | _aLITERATURA POPULAR | |
| 650 | 4 | _aLITERATURA FOLKLORICA | |
| 653 | _aEPICA | ||
| 653 | _aPOESIA EPICA | ||
| 655 | _aLITERATURA | ||
| 700 | 1 |
_aCalvo Martínez, José Luis _etraductor |
|
| 942 | _cBK | ||
| 998 | _cMARTIN | ||
| 999 |
_c11290 _d11290 |
||